Interior design / (Record no. 12382)

MARC details
000 -LEADER
fixed length control field 00683 a2200205 4500
010 ## - LIBRARY OF CONGRESS CONTROL NUMBER
LC control number ENG-90184
020 ## - INTERNATIONAL STANDARD BOOK NUMBER
International Standard Book Number 8179101665
Terms of availability 550.00
035 ## - SYSTEM CONTROL NUMBER
System control number EN-73717
037 ## - SOURCE OF ACQUISITION
Source of stock number/acquisition DBAD / PUB
082 14 - DEWEY DECIMAL CLASSIFICATION NUMBER
Classification number 729
090 ## - LOCALLY ASSIGNED LC-TYPE CALL NUMBER (OCLC); LOCAL CALL NUMBER (OCLC)
-- 12745
-- 12745
100 1# - MAIN ENTRY--PERSONAL NAME
Personal name Chaudhari, S.N.
245 1# - TITLE STATEMENT
Title Interior design /
Statement of responsibility, etc by S.N. Chaudhari
260 ## - PUBLICATION, DISTRIBUTION, ETC. (IMPRINT)
Place of publication, distribution, etc Jaipur
Name of publisher, distributor, etc Aavishkar Publishers, Distributors
Date of publication, distribution, etc 2006
270 ## - ADDRESS
Address 807,Vyas Building, Chaura Rasta,
City Jaipur
Postal code 302003
300 ## - PHYSICAL DESCRIPTION
Extent vi, 224p.
Dimensions 23 cm. (Hb)
500 ## - GENERAL NOTE
General note Includes bibliographical references & index.
942 ## - ADDED ENTRY ELEMENTS (KOHA)
Institution code [OBSOLETE] dpl
Koha item type English Books
Call number prefix 729 / CHA
Holdings
Withdrawn status Lost status Source of classification or shelving scheme Damaged status Not for loan Collection code Home library Current library Source of acquisition Cost, normal purchase price Total Checkouts Full call number Barcode Date last seen Copy number Uniform Resource Identifier Cost, replacement price Price effective from Koha item type
    Dewey Decimal Classification   Not For Loan Non-fiction D.B.Act.Division D.B.Act.Division DBAD/PUB 550.00   729 CHA EN-73717 15/09/2008 1 13591 550.00 15/09/2008 English Books

© Delhi Public Library
Hit Counter
free hit counter